000 01363cam a2200277 4500500
005 20260322002435.0
041 _afre
042 _adc
100 1 0 _aBanens, Maks
_eauthor
245 0 0 _aGender inequalities in care for dependent relatives
260 _c2023.
500 _a75
520 _aThis text examines the historical evolution of scientific research models, from Enlightenment-based fundamental research to contemporary participatory research. Each period addresses specific societal challenges: understanding the world, solving problems, technological innovation, or social transformation. In response to current ecological and democratic crises, it argues for a scientific continuum based on the complementarity of knowledge, integrating citizens and researchers to build sustainable and just solutions.
690 _aaidant cohabitant
690 _aaidant non cohabitant
690 _aaidantes
690 _aaidants
690 _adépendance
690 _adifférences entre hommes et femmes aidants
690 _agenre
690 _aperte d’autonomie
690 _aproches aidants
690 _arôles sexuels traditionnels
786 0 _nInformations sociales | o 208 | 4 | 2023-05-03 | p. 24-32 | 0046-9459
856 4 1 _uhttps://shs.cairn.info/journal-informations-sociales-2022-4-page-24?lang=en&redirect-ssocas=7080
999 _c1723510
_d1723510